LIBRARY & INFORMATION CENTRE, KCAET, TAVANUR

ONLINE PUBLIC ACCESS CATALOGUE (OPAC)

Ground nut / (Record no. 32)

MARC details
000 -LEADER
fixed length control field 00516cam a2200217ua 4500
041 ## - LANGUAGE CODE
Language code of text/sound track or separate title eng
082 ## - DEWEY DECIMAL CLASSIFICATION NUMBER
Classification number 633.368
Item number RED/GR
100 ## - MAIN ENTRY--AUTHOR NAME
Personal name Reddy , P S .
245 00 - TITLE STATEMENT
Title Ground nut /
250 ## - EDITION STATEMENT
Edition statement 1 /
260 ## - PUBLICATION, DISTRIBUTION, ETC. (IMPRINT)
Place of publication New Delhi :
Name of publisher Indian Council of Agricultural Research ,
Year of publication 1988.
300 ## - PHYSICAL DESCRIPTION
Number of Pages 583 ; .
650 ## - SUBJECT ADDED ENTRY--TOPICAL TERM
Topical Term Crop Science
942 ## - ADDED ENTRY ELEMENTS (KOHA)
Koha item type Books
003 - CONTROL NUMBER IDENTIFIER
control field @
003 - CONTROL NUMBER IDENTIFIER
control field OSt
Holdings
Withdrawn status Lost status Damaged status Home library Current library Date acquired Full call number Accession Number Koha item type
      KAUAET KAUAET 07/04/2012 633.368 19545 Books
free website counter